Reconciling modernity : (Registro nro. 883)
[ vista simple ]
| 000 -CABECERA | |
|---|---|
| campo de control de longitud fija | 00962cam a2200253 a 4500 |
| 001 - NÚMERO DE CONTROL | |
| campo de control | 000000889 |
| 003 - IDENTIFICADOR DEL NÚMERO DE CONTROL | |
| campo de control | DO-SdBNP |
| 005 - FECHA Y HORA DE LA ÚLTIMA TRANSACCIÓN | |
| campo de control | 20211112134930.0 |
| 008 - DATOS DE LONGITUD FIJA--INFORMACIÓN GENERAL | |
| campo de control de longitud fija | 030922s2004 nbub 000 0 eng |
| 020 ## - NÚMERO INTERNACIONAL ESTÁNDAR DEL LIBRO | |
| Número Internacional Estándar del Libro | 0803233493 |
| 040 ## - FUENTE DE LA CATALOGACIÓN | |
| Centro catalogador/agencia de origen | DO-SdBNP |
| Centro/agencia transcriptor | DLC |
| Centro/agencia modificador | DLC |
| 082 ## - NÚMERO DE LA CLASIFICACIÓN DECIMAL DEWEY | |
| Número de clasificación | 972.42 |
| Número de documento/Ítem | N541r |
| 100 1# - ENTRADA PRINCIPAL--NOMBRE DE PERSONA | |
| Nombre de persona | Newcomer, Daniel, |
| Fechas asociadas al nombre | 1971- |
| 9 (RLIN) | 3156 |
| 245 10 - MENCIÓN DE TÍTULO | |
| Título | Reconciling modernity : |
| Resto del título | urban state formation in 1940s León, México / |
| Mención de responsabilidad, etc. | Daniel Newcomer. |
| 260 ## - PUBLICACIÓN, DISTRIBUCIÓN, ETC. | |
| Lugar de publicación, distribución, etc. | Nebraska : |
| Nombre del editor, distribuidor, etc. | University of Nebraska Press, |
| Fecha de publicación, distribución, etc. | 2004. |
| 300 ## - DESCRIPCIÓN FÍSICA | |
| Extensión | x, 288 p. : |
| Otras características físicas | mapas ; |
| Dimensiones | 24 cm. |
| 650 #4 - PUNTO DE ACCESO ADICIONAL DE MATERIA--TÉRMINO DE MATERIA | |
| Término de materia o nombre geográfico como elemento de entrada | Clases sociales |
| Subdivisión geográfica | México |
| -- | León (Guanajuato) |
| Subdivisión general | Historia |
| Subdivisión cronológica | Siglo XX |
| 9 (RLIN) | 3158 |
| 650 #4 - PUNTO DE ACCESO ADICIONAL DE MATERIA--TÉRMINO DE MATERIA | |
| Término de materia o nombre geográfico como elemento de entrada | Fascismo |
| Subdivisión geográfica | México |
| -- | León (Guanajuato) |
| Subdivisión general | Historia |
| 9 (RLIN) | 3159 |
| 650 #4 - PUNTO DE ACCESO ADICIONAL DE MATERIA--TÉRMINO DE MATERIA | |
| Término de materia o nombre geográfico como elemento de entrada | Iglesia y estado |
| Subdivisión geográfica | México |
| -- | León (Guanajuato{Rpara} |
| Subdivisión general | Historia |
| Subdivisión cronológica | SIGLO XX |
| 9 (RLIN) | 3160 |
| 651 #4 - PUNTO DE ACCESO ADICIONAL DE MATERIA--NOMBRE GEOGRÁFICO | |
| Nombre geográfico | León (Guanajuato, México{Rpara} |
| Subdivisión general | Política Y Gobierno |
| Subdivisión cronológica | SIGLO XX |
| 9 (RLIN) | 3157 |
| 651 #4 - PUNTO DE ACCESO ADICIONAL DE MATERIA--NOMBRE GEOGRÁFICO | |
| Nombre geográfico | México |
| Subdivisión general | Postmodernismo |
| 9 (RLIN) | 3161 |
| 910 ## - DATOS DE OPCIÓN DEL USUARIO (OCLC) | |
| Datos de opción del usuario | WM |
| 942 ## - ELEMENTOS DE PUNTO DE ACCESO ADICIONAL (KOHA) | |
| Fuente del sistema de clasificación o colocación | Dewey Decimal Classification |
| Tipo de ítem Koha | Libro |
| Estado de retiro | Estado de pérdida | Restricciones de uso | No para préstamo | Código de colección | Localización permanente | Ubicación/localización actual | Ubicación en estantería | Fecha de adquisición | Número de inventario | Total de préstamos | Signatura topográfica completa | Código de barras | Fecha visto por última vez | Precio válido a partir de | Tipo de ítem Koha |
|---|---|---|---|---|---|---|---|---|---|---|---|---|---|---|---|
| Préstamo interno | Préstamo en sala | Dominicana de Servicio | Biblioteca Nacional Pedro Henríquez Ureña | Biblioteca Nacional Pedro Henríquez Ureña | Depósito | 12.06.2009 | LF1 | 972.42 N541r | 889-10 | 25.06.2020 | 25.06.2020 | Libros y folletos |
